[Event "10th Mumbai Mayors Cup 2017"]
[Site "Mumbai"]
[Date "2017.06.09"]
[Round "8"]
[White "Muthaiah AL"]
[Black "Shelke Sankarsha"]
[Result "1/2-1/2"]
[WhiteElo "2297"]
[BlackElo "2165"]
[Annotator "TA"]
[PlyCount "125"]
[EventDate "2017.06.04"]
[EventType "swiss"]
[EventCountry "IND"]
[SourceTitle "playchess.com"]
[Source "ChessBase"]
[SourceQuality "1"]

{[%evp 23,125,20,10,10,10,18,41,-16,-14,-18,0,0,0,-8,0,-16,-14,-18,-20,-24,-14,-16,-16,-21,-14,-20,-14,-27,-16,-27,-27,-27,-27,-31,-31,-33,-26,-45,-27,-50,-23,-70,-47,-122,-7,-274,-4,-3,0,0,0,0,0,0,0,0,0,0,0,0,0,0,0,0,0,0,0,0,0,0,0,0,0,0,0,0,0,0,0,0,0,0,0,0,0,0,0,0,0,0,0,0,0,0,0,0,0,0,0,0,0,0,0,0]} 1. c4 c6 2. e4 d5 3. exd5 cxd5 4. d4 Nf6 5. Nc3 e6 6. Nf3 Be7 7. cxd5 Nxd5 8. Bd3 O-O 9. O-O Nc6 10. Re1 Nf6 11. Bg5 b6 12. Qe2 Bb7 13. Rad1 {D42: Queen's Gambit Declined: Semi-Tarrasch: 5 cxd5 Nxd5 6 e3 Nc6 7 Bd3} Nb4 14. Bb1 Nbd5 (14... Rc8 15. Ne5 Nbd5 16. Qd3 g6 17. Bh6 Re8 18. Qh3 Bf8 19. Bg5 Be7 20. Bh6 Bf8 {0-1 (32) Ivanovic,B (2500)-Karpov,A (2770) Podgorica 1996}) 15. Qd3 $146 (15. Ne5 $14) ({Predecessor:} 15. Ne5 Rc8 16. Qd3 g6 17. Nxd5 Qxd5 18. Qh3 Rc7 19. f3 Nh5 20. Bxe7 Rxe7 21. Qh4 Rc7 22. Ng4 Qd8 23. Qf2 {½-½ (23) Hoi,C (2393)-Hove,E (2232) Ballerup 2016}) 15... g6 $11 16. Ne5 Nh5 17. Bxe7 Qxe7 18. Qd2 Rac8 19. Be4 {Strongly threatening Bxd5.} Nhf6 20. Bxd5 Nxd5 21. Rc1 Nxc3 22. Rxc3 Rxc3 23. bxc3 Rc8 24. h3 Bd5 25. Ng4 b5 (25... h5 $5 {[%cal Rh5g4]} 26. Ne3 Bc4 $11) 26. Ne3 Qd7 27. Qb2 a6 28. Rc1 h5 29. Qb4 Bb7 30. Rb1 Be4 31. Rb3 Bd5 32. Ra3 Bb7 33. Ra5 {[#]} (33. Rb3 $15) 33... Qc6 ({Black should try} 33... f5 $1 $17 {Hoping for ...f4.} 34. a4 f4) 34. c4 $2 {[%mdl 8192] [#]} (34. a4 $11 {and White is okay.}) 34... bxc4 $2 (34... Qe4 $1 $19 35. c5 e5) 35. Rc5 {The position is equal.} Qd7 36. Qxc4 Rc6 37. Rxc6 Qxc6 38. Qxc6 Bxc6 {[%mdl 4096] Endgame KB-KN} 39. h4 Kf8 40. Kf1 Ke7 41. Ke2 Kd6 42. Kd3 Bd5 43. a3 Kc6 44. Kc3 Kb5 45. g4 Ka4 46. Kb2 Kb5 47. g5 Be4 48. Kc3 Bd5 49. Kc2 Ka4 50. Kb2 Kb5 51. f4 Be4 52. Kc3 Bd5 53. Nd1 Ka4 54. Kb2 $1 Kb5 {aiming for ...Kc4.} 55. Ne3 Be4 56. Kb3 Bd5+ 57. Kc3 Ka4 58. Kb2 Kb5 59. Kc3 Ka4 60. Kb2 Kb5 61. Kc3 Ka4 62. Kb2 Kb5 63. Kc3 {Precision: White = 63%, Black = 66%.} 1/2-1/2

[Event "10th Mumbai Mayors Cup 2017"]
[Site "Mumbai"]
[Date "2017.06.09"]
[Round "8"]
[White "Akash Pc, Iyer"]
[Black "Chittal, Sairaj"]
[Result "1/2-1/2"]
[WhiteElo "2282"]
[BlackElo "2000"]
[Annotator "TA"]
[PlyCount "110"]
[EventDate "2017.06.04"]
[EventType "swiss"]
[EventCountry "IND"]
[SourceTitle "playchess.com"]
[Source "ChessBase"]
[SourceQuality "1"]

{[%evp 9,110,-20,-2,-35,-32,-50,-52,-84,-84,-87,-80,-104,-104,-106,-75,-87,-97,-153,-70,-116,-135,-167,-106,-144,-79,-133,-114,-137,-107,-92,-97,-117,-51,-56,0,0,0,0,47,59,104,66,119,78,226,222,221,96,96,41,143,94,94,86,91,39,33,8,67,74,70,67,46,0,91,93,93,93,88,64,94,85,99,74,72,56,40,0,109,102,180,0,163,0,133,152,137,137,134,43,54,0,0,0,0,0,0,0,0,0,0,0,0]} 1. Nf3 Nf6 2. d3 d5 3. Bg5 h6 (3... Nbd7 4. h3 e5 5. e3 Bd6 6. Be2 O-O 7. Nbd2 h6 8. Bh4 Re8 9. O-O c6 10. Bg3 Nf8 11. Re1 {½-½ (33) Nguyen,N (2567)-Le,Q (2583) Beijing 2008}) 4. Bh4 Bf5 5. Nbd2 Nbd7 6. c4 $146 {A06: Réti Opening:1 Nf3 d5} (6. e4 $5 dxe4 7. dxe4 Nxe4 8. Nxe4 Bxe4 9. Qe2 $11) ({Predecessor:} 6. Bg3 Nh5 7. e4 Nxg3 8. hxg3 dxe4 9. dxe4 Bh7 10. Bd3 e5 11. Qe2 {0-1 (31) Szollos,O (1983)-Macko,M (1699) Slovakia 2014}) 6... e6 7. Qc2 c6 8. h3 {Black is slightly better.} Bd6 9. g4 Bh7 10. g5 hxg5 11. Bxg5 Qa5 12. Rg1 e5 13. Be3 (13. a3 $142) 13... Bg6 (13... d4 $17 14. Bg5 Kf8) 14. Rg5 Nh7 15. Rg1 Nhf8 (15... d4 $19 16. Bg5 Nxg5 17. Rxg5 Be7) 16. Kd1 Ne6 ({Better is} 16... d4 17. Bg5 Qc7) 17. Nb3 (17. cxd5 $142 cxd5 18. Qb3) 17... Qd8 18. Ng5 Ndf8 19. cxd5 cxd5 {Threatens to win with ...Rc8.} 20. Rc1 Bf5 (20... Qd7 $17 21. Bg2 Be7 22. Nxe6 Nxe6) 21. Nxe6 $1 $15 Bxe6 (21... Nxe6 $15 22. Bg2 Be7) 22. Nc5 $11 Bxc5 $1 23. Qxc5 g6 24. Bg2 Qd7 25. b3 f6 (25... Rh5 $14) 26. f4 $1 $16 Rh7 (26... exf4 $16 27. Bxf4 g5) 27. fxe5 $18 fxe5 28. Kd2 (28. Rf1 $18 {[%csl Gc5][%cal Rf1f8]} Rf7 29. Rxf7 Kxf7 30. Qc7) 28... b6 $16 29. Qb4 ({White should try} 29. Qc6 $16 Qxc6 30. Rxc6) 29... Qe7 (29... Bf5 $14) 30. Qb5+ Qd7 31. Rc6 {aiming for Rf1.} Kf7 32. Rf1+ (32. Qa4 $1 $16) 32... Kg8 $14 33. Rf6 (33. a4 $5 {[%cal Rc6e6]} Re8 34. Rf6 $16) 33... Rc8 (33... e4 $1 $11) 34. Rfxe6 $1 Nxe6 35. Rxc8+ Qxc8 36. Bxd5 Kh8 (36... Kg7 $11) 37. Bc4 $16 {[%mdl 1024] White has strong compensation.} Nc5 38. b4 Nd7 39. Bg5 Rg7 ({But not} 39... Rxh3 $2 40. Be6 $18) 40. Qd5 Qf8 41. a3 {Hoping for Bh6.} Kh7 42. Qe4 {[%cal Re4h4]} Qf2 43. Be6 (43. Qe3 $5 {[%cal Re3f2]} Qg2 44. Bh6 $16) 43... Qg3 (43... Qd4 $11 {remains equal.}) 44. h4 Qh2 (44... Nf8 $16 45. Bb3 Nd7) 45. Bg4 $2 ({White should play} 45. Qg4 $18 Nf8 46. Bd5) 45... Nf8 $2 {[#]} (45... Qg1 $11 46. Be6 (46. h5 Nf8 $14) 46... Qd4) 46. h5 $2 (46. Qf3 $1 $18 {[%cal Rf3f8]} Kg8 47. Qa8) 46... Rf7 (46... Qg1 $1 $11 {keeps the balance.} 47. Qf3 gxh5 48. Bf5+ Kg8) 47. hxg6+ Nxg6 48. Be6 $40 {[%mdl 128] White is out for blood.} Rc7 {[#] And now ...Qg1 would win.} 49. Be3 (49. Qa8 $1 $16 {[%csl Ge6][%cal Ra8g8]} Rg7 50. Qf3) 49... Qh4 50. Qf5 (50. Qg2 $14) 50... Qh1 $11 {[%csl Gc7][%cal Rh1c1] The position is equal.} 51. Bc4 {Strongly threatening Qe6.} b5 $1 {[%cal Rb5c4]} 52. Bg8+ $1 Kg7 {[%csl Gc7][%cal Rh1c1]} 53. Bc5 Qh6+ 54. Be3 Qh1 {[%csl Gc7][%cal Rh1c1]} 55. Bc5 Qh6+ {Precision: White = 41%, Black = 42%.} 1/2-1/2

[Event "10th Mumbai Mayors Cup 2017"]
[Site "Mumbai"]
[Date "2017.06.09"]
[Round "8"]
[White "Nitish Belurkar"]
[Black "Karthikeyan, P.."]
[Result "1/2-1/2"]
[WhiteElo "2279"]
[BlackElo "2502"]
[Annotator "TA"]
[PlyCount "61"]
[EventDate "2017.06.04"]
[EventType "swiss"]
[EventCountry "IND"]
[SourceTitle "playchess.com"]
[Source "ChessBase"]
[SourceQuality "1"]

{[%evp 19,61,0,0,0,8,16,20,2,11,5,5,12,40,40,60,44,50,14,9,6,14,14,12,3,12,0,0,0,0,-6,-7,-7,0,-7,0,0,0,0,0,0,0,0,0,0]} 1. e4 {[%cal Be2e4,Be4e5][%mdl 32]} c5 2. c3 Nf6 3. e5 Nd5 4. d4 cxd4 5. Nf3 Nc6 6. cxd4 d6 7. Bc4 dxe5 8. dxe5 Nb6 {B22: Sicilian: 2 c3} (8... Ndb4 9. Qxd8+ Nxd8 10. Na3 Bg4 11. Bd2 Nbc6 12. Bc3 Bxf3 13. gxf3 a6 14. Nc2 e6 15. Bd3 Rc8 16. Be4 Be7 {½-½ (42) Mamedov,R (2655)-Giri,A (2790) Shamkir 2016}) 9. Qxd8+ Nxd8 10. Bb3 Be6 {LiveBook: 4 Games} 11. Nc3 {White wants to play Nb5.} Bxb3 $146 ({Predecessor:} 11... Rc8 12. Be3 Nc4 13. Bxc4 Bxc4 14. Bxa7 Nc6 15. Be3 Nb4 16. b3 {0-1 (54) Soors,S (2394)-Grandelius,N (2600) Reykjavik 2014}) 12. axb3 a6 13. Nd4 e6 14. Be3 Nd7 15. f4 Bc5 16. Ne4 Bxd4 17. Bxd4 Nc6 18. Be3 Nb4 {White should prevent ...Nc2+.The position is equal.} 19. Ke2 Ke7 20. Rhd1 Nd5 21. Rac1 Rhc8 22. g3 f6 23. exf6+ gxf6 24. Bf2 (24. Bg1 {looks sharper.} f5 25. Ng5 h6 26. Nf3 N7f6 27. Rc4) 24... Rxc1 25. Rxc1 f5 26. Nd2 h5 27. Nf3 Kd6 28. Bd4 a5 29. Be5+ Ke7 30. Bd4 Rg8 31. Kf2 {Precision: White = 42%, Black = 80%.} (31. Bc5+ $5 Nxc5 32. Rxc5 $11) 1/2-1/2

[Event "10th Mumbai Mayors Cup 2017"]
[Site "Mumbai"]
[Date "2017.06.09"]
[Round "8"]
[White "Saurabh Anand"]
[Black "Iniyan, P."]
[Result "1-0"]
[WhiteElo "2266"]
[BlackElo "2392"]
[Annotator "TA"]
[PlyCount "65"]
[EventDate "2017.06.04"]
[EventType "swiss"]
[EventCountry "IND"]
[SourceTitle "playchess.com"]
[Source "ChessBase"]
[SourceQuality "1"]

{[%evp 18,65,49,23,95,27,28,25,19,11,18,0,0,-18,0,0,64,-10,0,4,257,289,282,262,522,317,390,293,267,260,572,554,890,879,845,827,1235,613,695,706,1349,1268,1608,1570,1308,732,29981,29982,29994,29995]} 1. e4 c5 2. Nf3 d6 3. d4 cxd4 4. Nxd4 Nf6 5. Nc3 a6 6. Bg5 e6 7. f4 Qc7 8. Qe2 Nc6 9. O-O-O Be7 10. Nxc6 {LiveBook: 5 Games. B96: Sicilian Najdorf: 6 Bg5 e6 7 f4, lines other than 7...Qb6 and 7...Be7} Qxc6 (10... bxc6 $11 {remains equal.} 11. Qd3 a5) 11. g4 $146 (11. e5 $16 dxe5 12. fxe5) ({Predecessor:} 11. g3 Qc7 12. Bg2 Bd7 13. Rd2 Bc6 14. Rhd1 h6 15. Bxf6 {½-½ (15) Luther,T (2480)-Wojtkiewicz,A (2570) Hamburg 1993}) 11... h6 $11 12. Bh4 {White has an edge.} g5 $1 {[%cal Rg5h4]} 13. fxg5 Nd7 $1 14. Bg3 hxg5 15. h4 gxh4 16. Qh2 {[%cal Rg3d6]} e5 (16... Qc5 $11) 17. Qf2 (17. Nd5 $1 $14) 17... Nf6 18. Bxh4 {[#] Threatens to win with Bb5.} Bxg4 $2 {[%mdl 8192]} (18... Be6 $11) 19. Bb5 $1 $18 {[%cal Rb5c6]} axb5 20. Bxf6 Rg8 $2 (20... Rxh1 21. Rxh1 Bf8) 21. Rdg1 {Black must now prevent Bxe7.} Bf8 22. Rh4 b4 23. Nd5 b3 $2 (23... Rxa2 24. Rgxg4 Rxg4 25. Rxg4 b3) 24. a3 Be2 {[%csl Gb3][%cal Rc6c2] [#]} 25. c3 Rxg1+ 26. Qxg1 Qc4 27. Qe3 ({Stronger than} 27. Qg8 Bh5 $11) (27. Rh8 $142 Bg4 28. Bg7 Kd7 29. Nb6+ Ke7 30. Nxc4 Bxg7 31. Rxa8 Bh6+ 32. Kb1) 27... Bd3 {Black wants to play ...Bxe4!} 28. Nb6 {White threatens Rh8 and mate.} Qe6 29. Nd5 ({Less strong is} 29. Nxa8 Qxf6 30. Rh1 Bc2 $14) 29... Qc8 30. Qxd3 Qc5 31. Qe3 Qc4 32. Qh3 Ra5 33. Rh8 {Precision: White = 41%, Black = 21%.} 1-0

[Event "10th Mumbai Mayors Cup 2017"]
[Site "Mumbai"]
[Date "2017.06.09"]
[Round "8"]
[White "Sekar, B."]
[Black "Rathnakaran, K."]
[Result "1-0"]
[WhiteElo "2252"]
[BlackElo "2378"]
[Annotator "TA"]
[PlyCount "103"]
[EventDate "2017.06.04"]
[EventType "swiss"]
[EventCountry "IND"]
[SourceTitle "playchess.com"]
[Source "ChessBase"]
[SourceQuality "1"]

{[%evp 27,103,33,31,30,39,44,72,62,82,60,164,154,131,113,156,90,90,90,89,84,85,92,152,78,177,113,150,160,168,49,62,69,82,92,83,30,34,25,43,22,36,29,22,33,22,33,29,18,20,20,22,8,8,8,8,8,8,8,8,8,8,8,8,8,8,8,8,8,8,8,8,8,8,8,8,8,29978,29980]} 1. e4 e6 2. d4 d5 3. Nd2 Nc6 4. Ngf3 Nf6 5. e5 Nd7 6. Be2 f6 7. exf6 Qxf6 8. Nf1 Bd6 9. Ne3 O-O 10. O-O Qg6 11. c4 {C04: French Tarrasch: 3...Nc6} Nf6 12. c5 Be7 13. Bb5 Bd7 14. a4 a5 {LiveBook: 3 Games} 15. Nc2 $146 {[%cal Be3c2,Bc2e1,Be1d3][%mdl 32]} ({Predecessor:} 15. h3 b6 16. Ne5 Nxe5 17. dxe5 Bxb5 18. exf6 Qxf6 19. axb5 Bxc5 {1-0 (26) Zajic,M (2480)-Djordjevic,V (2396) Belgrade 2016}) 15... Ne4 16. Nce1 Rf5 17. Bxc6 Bxc6 {[#]} 18. Nd3 $1 Raf8 (18... Qh5 $14) 19. Nfe5 $18 Qe8 20. Be3 h5 21. Nxc6 (21. f3 $142) 21... Qxc6 $16 22. Qb3 b6 {[%cal Rb6c5]} 23. cxb6 cxb6 24. Rac1 Qd6 ({Black should try} 24... Qb7) 25. Qb5 ({White should play} 25. f3 Bg5 26. Bxg5 Nxg5 27. Ne5) 25... Bd8 (25... Qd8 $16) 26. Qc6 (26. f3 $18 Bg5 27. Bxg5 Nxg5 28. f4) 26... Qe7 27. Ne5 Kh7 28. Qd7 (28. f3 $18 Nd6 29. Rfe1) 28... Qxd7 $14 29. Nxd7 R8f7 30. Ne5 Rb7 31. f3 (31. Rc6 $16) 31... Nd6 $11 32. Rc6 Be7 33. Rfc1 {Strongly threatening Rc7.} Rf8 34. Rc7 Rxc7 35. Rxc7 Nf5 {Threatens to win with ...Bd6.} 36. Bf2 Bd6 37. Rc6 {With the idea Nd3.} Bxe5 $1 38. dxe5 {[%mdl 4096] Endgame KRB-KRN} d4 39. Kf1 {Hoping for b3.} ({Much weaker is} 39. Rxe6 d3 $17) 39... Rb8 $1 40. g4 hxg4 41. fxg4 Ne3+ $1 42. Bxe3 dxe3 {KR-KR} 43. Ke2 b5 44. b3 bxa4 45. bxa4 Rb4 46. h3 Rxa4 47. Kxe3 Ra3+ 48. Kf4 Rxh3 49. Rxe6 {And now Ra6 would win.} Rh6 50. Rd6 {aiming for e6.} a4 51. e6 {e7! is the strong threat.} Kg6 $2 {[%mdl 8192] [#]} (51... Rh1 $11) 52. Rd8 $1 {Precision: White = 55%, Black = 52%.} 1-0

[Event "10th Mumbai Mayors Cup 2017"]
[Site "Mumbai"]
[Date "2017.06.09"]
[Round "8"]
[White "Nandhidhaa, PV."]
[Black "Badrinath, S."]
[Result "1/2-1/2"]
[WhiteElo "2249"]
[BlackElo "1977"]
[Annotator "TA"]
[PlyCount "40"]
[EventDate "2017.06.04"]
[EventType "swiss"]
[EventCountry "IND"]
[SourceTitle "playchess.com"]
[Source "ChessBase"]
[SourceQuality "1"]

{[%evp 14,40,-9,-16,54,51,75,-28,-15,-34,-25,-20,-33,-75,-54,-69,-45,-56,0,0,0,0,0,0,0,0,5,10,22]} 1. e4 d5 2. exd5 Nf6 3. d4 Nxd5 4. c4 Nb6 5. Nc3 {[%cal Bb1c3,Bc3d1,Bd1e3][%mdl 32]} e5 6. dxe5 Qxd1+ 7. Nxd1 Nc6 8. f4 {LiveBook: 25 Games} Nb4 {B01: Scandinavian Defence} (8... Be6 $11) (8... Be6 9. Ne3 Bc5 10. Nf3 O-O-O 11. Ng5 Nb4 12. a3 Nd3+ 13. Bxd3 Rxd3 14. Nxe6 fxe6 15. Ke2 Rhd8 16. Rd1 Rxd1 17. Nxd1 Nxc4 {½-½ (58) Hou,Y (2673)-Muzychuk,A (2545) Beijing 2014}) 9. Ne3 $14 Bf5 $146 ({Predecessor:} 9... Bc5 10. a3 Nc6 11. b4 Bd4 12. Ra2 Be6 13. Rc2 f6 14. Nf3 fxe5 15. fxe5 O-O-O 16. c5 {½-½ (41) Kovalsky,V (2041)-Klein,P (2078) Slovakia 2007}) 10. Kf2 ({White should try} 10. Nxf5 $16 {Strongly threatening Ne3.} Nc2+ 11. Kf2 Nxa1 12. Bd3) 10... Bc5 $11 {[#] Hoping for ...Nc2.Black has an edge.} 11. Kf3 Be6 {[%mdl 1024] Black has compensation.} 12. a3 Nc6 {Threatens to win with ...Nd4+.} 13. b4 Bd4 14. Ra2 g5 15. b5 gxf4 (15... Ne7 $15) 16. bxc6 {The position is equal.} fxe3 17. cxb7 Rb8 18. Ke4 Bc5 19. Bxe3 Bxe3 20. Kxe3 Bxc4 {Precision: White = 64%, Black = 44%.} 1/2-1/2

[Event "10th Mumbai Mayors Cup 2017"]
[Site "Mumbai"]
[Date "2017.06.09"]
[Round "8"]
[White "Wagh Suyog"]
[Black "Meruga, Shanmukha"]
[Result "1/2-1/2"]
[WhiteElo "2215"]
[BlackElo "2016"]
[Annotator "TA"]
[PlyCount "127"]
[EventDate "2017.06.04"]
[EventType "swiss"]
[EventCountry "IND"]
[SourceTitle "playchess.com"]
[Source "ChessBase"]
[SourceQuality "1"]

{[%evp 10,127,32,22,26,0,24,12,14,30,31,6,0,0,0,0,2,0,8,0,0,0,7,0,2,0,12,10,30,40,47,39,31,38,43,42,39,33,283,295,295,282,283,222,429,427,418,383,838,822,758,622,611,270,256,220,266,225,424,173,142,104,89,81,89,80,146,120,212,206,639,441,636,208,206,187,195,194,166,0,0,0,0,7,6,0,0,0,0,0,0,0,0,0,0,0,0,0,0,0,0,0,0,0,0,0,0,0,0,0,0,0,0,0,0,0,0,0,0,0]} 1. Nf3 d5 2. c4 c6 3. g3 Bg4 4. Bg2 Nd7 5. cxd5 cxd5 6. Qb3 Nc5 {A11: English Opening: 1...c6} 7. Qd1 (7. Qe3 {with more complications.} Nf6 8. d4 Ncd7 9. O-O e6 10. Qb3) 7... Bxf3 8. Bxf3 Nf6 9. O-O $146 ({Predecessor:} 9. d4 Nce4 10. O-O e6 11. Bg2 h5 12. f3 Nd6 13. Nc3 Nf5 14. Qa4+ {½-½ (66) Grigoryan,K (2595)-Yu,R (2534) Katowice 2014}) 9... e6 10. d3 (10. d4 $5 {[%cal Rd4c5]} Nce4 11. Bg2 $14) 10... Be7 11. b3 O-O 12. Bb2 Rc8 13. Nd2 Qd7 14. Bg2 Rc7 15. Nf3 Rfc8 16. Rc1 Ne8 {[%cal Bf6e8,Be8d6,Bd6f7][%mdl 32]} 17. Be5 {Black must now prevent d4.} Nd6 18. Qd2 f6 19. Bb2 b6 20. Bh3 Nf7 21. Qe3 {Threatens to win with b4.} f5 22. g4 fxg4 23. Bxg4 {b4 is the strong threat.} Bf6 $2 ({Black should try} 23... Nh6 $1 $14 24. Bh3 Nf5) 24. Bxf6 $18 gxf6 25. b4 f5 26. Bh5 $1 ({Worse is} 26. bxc5 fxg4 27. Ng5 Nd8 $11) 26... Nb7 $2 (26... Na6 27. Rxc7 Nxc7) 27. Rxc7 Rxc7 28. Kh1 Nbd6 $2 (28... d4 29. Rg1+ (29. Qxd4 Qxd4 30. Nxd4 Nbd8 $16) 29... Kf8 30. Nxd4 Nbd8) 29. Rg1+ Kf8 30. Qd4 Ne8 31. Bxf7 (31. Ne5 $142 Qc8 32. Nxf7) 31... Qxf7 32. Ng5 Qg8 33. Qe3 Re7 $2 {[#]} (33... Ke7 34. b5 Qg6) 34. Qh3 (34. Qe5 $142 $1) 34... Rg7 35. Qh6 Ke7 36. Qh4 Nf6 37. b5 Qc8 (37... Rg6 $142) 38. Qf4 h6 (38... Qg8 $16 {keeps fighting.}) 39. Rc1 Qg8 $2 (39... Qxc1+ 40. Qxc1 hxg5 41. Qc7+ Kf8 42. Qb8+ Ne8) 40. Nf3 Nd7 (40... Qe8 $142 41. Rc6 (41. Qxh6 Qg6 $18) (41. Rc7+ Kf8 $18) 41... Kf8) 41. Qb4+ $2 (41. Qh4+ Kf7 42. Rc7) 41... Kf6 42. Qd6 ({Less strong is} 42. Qh4+ Kg6 $14) 42... Qf8 {[#]} 43. Qf4 $1 Kg6 44. Ne5+ $2 ({White should play} 44. Nd4 $18 Nc5 45. Rxc5 bxc5 46. Nxe6) 44... Nxe5 $1 $11 {The position is equal.} 45. Qxe5 {[%mdl 4096] Endgame KQR-KQR} Qf6 46. Rg1+ Kf7 $132 {[%mdl 2048] Black is fighting back} 47. Qc7+ Kg8 $1 48. Qc8+ Kh7 49. Rxg7+ Kxg7 {KQ-KQ} 50. Qd7+ (50. Qc7+ {feels hotter.} Qf7 51. Qb8 f4 52. Kg2 Qg6+ 53. Kf1) 50... Qf7 51. Qxf7+ Kxf7 {KP-KP} 52. d4 Kf6 53. Kg2 Kg5 {Hoping for ...Kf4.} 54. Kf3 h5 55. e3 Kh4 $1 {[%cal Rh4h3]} 56. Kg2 $1 {White threatens f4 and mate.} f4 57. h3 Kg5 58. Kf3 fxe3 (58... Kh4 $5 59. Kg2 $8 Kg5 $11) 59. fxe3 Kf5 60. h4 e5 61. a3 Ke6 62. Kg3 Kf5 63. Kf3 Ke6 64. Kg3 {Precision: White = 73%, Black = 53%.} 1/2-1/2

[Event "10th Mumbai Mayors Cup 2017"]
[Site "Mumbai"]
[Date "2017.06.09"]
[Round "8"]
[White "Pranav, Shetty"]
[Black "Krishna Teja, N."]
[Result "1-0"]
[WhiteElo "2200"]
[BlackElo "2406"]
[Annotator "TA"]
[PlyCount "105"]
[EventDate "2017.06.04"]
[EventType "swiss"]
[EventCountry "IND"]
[SourceTitle "playchess.com"]
[Source "ChessBase"]
[SourceQuality "1"]

{[%evp 20,105,10,-6,20,28,55,39,73,20,-14,-20,-32,-27,83,94,163,155,328,94,185,85,84,73,122,119,118,109,89,59,67,76,78,60,123,94,133,120,122,29,79,79,66,78,78,57,51,-91,-76,-94,-90,-78,0,0,835,165,184,0,0,0,0,0,28,0,0,-2,0,0,246,243,300,296,260,262,291,289,252,263,272,287,493,494,558,544,1088,741,875,820]} 1. e4 e6 2. d4 d5 3. Nc3 Nf6 4. e5 Nfd7 5. f4 c5 6. Nf3 Nc6 7. Be3 Be7 8. Qd2 O-O 9. dxc5 Nxc5 10. Nd4 a6 11. O-O-O {LiveBook: 6 Games} Nd7 {C11: French: Classical System: 4 e5 and 4 Bg5 dxe4} 12. Kb1 Na5 $146 ({Predecessor:} 12... Qc7 13. g4 Bc5 14. Bg2 Na5 15. Qe2 Nc4 16. Bc1 {1-0 (52) Zhigalko,A (2515)-Ziyaev,N (2295) Mallorca 2004}) 13. Qf2 b5 {White is slightly better.} 14. Nb3 (14. Qg3 $16) 14... Nc4 15. Bd4 Qc7 16. Bd3 Qc6 (16... b4 $11 17. Na4 Bb7) 17. Rhe1 $16 b4 {[#]} (17... Qc7 $16) 18. Ne4 $1 $18 {[%cal Re4f6][%mdl 512] And now Nf6+! would win.} Re8 $2 {[#]} (18... f5 $16 {was called for.} 19. exf6 Nxf6) (18... dxe4 19. Bxe4) 19. Ng5 $2 (19. Nf6+ $1 $18 {[%mdl 512] is more deadly.} gxf6 (19... Nxf6 20. exf6) 20. Bxh7+ $1 {[%mdl 512]} (20. Qg3+ Kh8 $16) 20... Kg7 21. Qg3+ (21. exf6+ Bxf6 22. Qg3+ Kf8 $11) 21... Kh8 22. exf6 Bxf6 23. Bd3) 19... h6 (19... Nf8 $16) 20. Nxf7 (20. Nh7 $1 $18) 20... Kxf7 $16 21. f5 Rf8 {next ...Kg8 is good for Black.} 22. f6 gxf6 23. Qh4 $1 {[%cal Rh4h5] White wants to mate with Qh5+.} Ke8 {[%cal Rd7e5]} (23... Ncxe5 $2 24. Bxe5 Nxe5 25. Qh5+ Kg7 26. Rxe5 $18) 24. exf6 Nxf6 25. Qxh6 Bd7 26. g4 {[%mdl 1024] White has strong compensation.} Kd8 $1 (26... Nxg4 $2 27. Qg6+ Kd8 28. Qxg4 $18) 27. g5 {[%cal Rd4f6]} Ng4 28. Qg7 {Hoping for Bxc4.} Nd6 (28... Nxh2 $2 29. Bxc4 Qxc4 30. Bb6+ Ke8 31. Qg6+ Rf7 32. Rd4 $18) 29. h3 (29. Qh7 $1 $16) 29... Nf2 30. Bxf2 $1 (30. Bf6 $2 Rf7 $19) 30... Rxf2 31. Nd4 Qc8 32. h4 Nb5 $1 {[%cal Rb5d4]} 33. Qg8+ (33. g6 $1 $14 {stays ahead.}) 33... Kc7 $17 34. Nxe6+ Kd6 $1 35. Qg7 Qh8 ({Black should try} 35... Bxe6 $17 36. Qe5+ Kc6 37. Qxe6+ Qxe6 38. Rxe6+ Bd6) 36. Bc4 $1 $40 {[%mdl 128] White attacks.} ({Avoid the trap} 36. Qg6 $2 Be8 $17) 36... Bc6 $2 {[%mdl 8192]} (36... Qxg7 $11 37. Rxd5+ (37. Nxg7 $2 {loses.} Nc7 $19) 37... Kc6 38. Nxg7 Nc7) 37. Bxd5 $2 (37. Qg6 Kd7 38. Bxd5 Bxd5 39. Rxd5+ Bd6 40. Nc5+ Kc6 41. Red1) 37... Qxg7 $18 {[#]} 38. Bxc6+ $2 (38. Bb3+ $1 $18 Qd4 39. Nxd4 Nxd4 40. Rxd4+ Kc5 41. c3) 38... Kxc6 $11 39. Nxg7 Bd6 40. h5 Rc8 41. Rf1 Rg2 42. Rg1 Rxg1 43. Rxg1 Kd7 $2 {[#]} (43... Rh8 $11) 44. g6 $1 $18 Bf4 45. Nf5 Ke6 46. g7 Kxf5 47. g8=Q Rxg8 48. Rxg8 Nd6 49. Ra8 Be5 $2 (49... Ne4 {was worth a try.} 50. Rxa6 Nd2+ 51. Kc1 Ne4+ 52. Kd1 Nf6) 50. Rxa6 {White is clearly winning.} Nc4 51. h6 {[%cal Bh5h6,Bh6h7][%mdl 32]} Nxb2 52. h7 Nc4 53. Ra8 {Precision: White = 51%, Black = 40%.} 1-0